Представление документа в формате MARC21

ПолеНазваниеЗначение
  Тип записи a
  Библиографический уровень m
001 Контрольный номер RU\infra-m\znanium\bibl\2219038
005 Дата корректировки 20260429142233.6
008 Кодируемые данные 260122s2026 RU g rus u
020 Индекс ISBN __
a ISBN 978-5-16-014167-1
020 Индекс ISBN __
a ISBN 978-5-16-106656-0 (электр. издание)
040 Источник каталогиз. __
a Служба первич. каталог. Общество с ограниченной ответственностью «ЗНАНИУМ»
041 Код языка издания __
a Код языка текста rus
044 Код страны публикации __
a Код страны публикации RU
080 Индекс УДК __
a Индекс УДК 658(075.8)
084 Индекс другой классификации/Индекс ББК __
2 Источник индекса rubbk
a Индекс другой классификации/Индекс ББК 65.290-2я73
084 Индекс другой классификации/Индекс ББК __
2 Источник индекса okso
a Индекс другой классификации/Индекс ББК 27.03.02
084 Индекс другой классификации/Индекс ББК __
2 Источник индекса okso
a Индекс другой классификации/Индекс ББК 27.03.03
084 Индекс другой классификации/Индекс ББК __
2 Источник индекса okso
a Индекс другой классификации/Индекс ББК 27.03.05
084 Индекс другой классификации/Индекс ББК __
2 Источник индекса okso
a Индекс другой классификации/Индекс ББК 38.03.01
084 Индекс другой классификации/Индекс ББК __
2 Источник индекса okso
a Индекс другой классификации/Индекс ББК 38.03.02
084 Индекс другой классификации/Индекс ББК __
2 Источник индекса okso
a Индекс другой классификации/Индекс ББК 38.03.03
084 Индекс другой классификации/Индекс ББК __
2 Источник индекса okso
a Индекс другой классификации/Индекс ББК 38.03.04
084 Индекс другой классификации/Индекс ББК __
2 Источник индекса okso
a Индекс другой классификации/Индекс ББК 38.03.06
084 Индекс другой классификации/Индекс ББК __
2 Источник индекса okso
a Индекс другой классификации/Индекс ББК 38.03.07
084 Индекс другой классификации/Индекс ББК __
2 Источник индекса okso
a Индекс другой классификации/Индекс ББК 38.03.10
100 Автор __
a Автор Бобрышев А.Д.
q Полное имя Бобрышев Артур Дмитриевич
u Дополнение Всероссийский научно-исследовательский институт "Центр"
245 Заглавие __
a Заглавие Бизнес-модели в управлении устойчивым развитием предприятий
b Продолж. заглавия Учебник; Учебник
c Ответственность Всероссийский научно-исследовательский институт "Центр"; Тамбовский завод "Октябрь"; АРСИЭНТЕК; Волго-Донсельхозинвест; Всероссийский научно-исследовательский институт "Центр"; Московский политехнический университет; Российская академия народного хозяйства и государственной службы при Президенте РФ
250 Сведения об издании __
a Основные сведения об издании 1
260 Выходные данные __
a Место издания Москва
b Издательство ООО "Научно-издательский центр ИНФРА-М"
c Дата издания 2026
300 Физическое описание __
a Объем 289 с.
440 Серия __
a Серия Высшее образование: Бакалавриат
520 Аннотация __
a Аннотация В учебнике рассмотрены технологии применения методического аппарата новой управленческой концепции бизнес-моделирования для решения задач обеспечения устойчивого развития предприятий и организаций промышленности. Помимо теоретических положений материал содержит примеры из опыта как действующих так и вновь созданных предприятий позволяющие после их освоения приступить к решению практических вопросов повышения устойчивости основного звена промышленности в условиях открытой международной конкуренции. Соответствует требованиям федеральных государственных образовательных стандартов высшего образования последнего поколения. Для студентов бакалавриата и магистратуры обучающихся по направлениям подготовки: «Менеджмент» «Экономика» «Инноватика» а также по инженерным технологическим и иным специальностям предполагающим изучение дисциплин организационно-экономического и управленческого циклов. Представляет интерес для аспирантов и слушателей программ дополнительного профессионального образования преподавателей вузов работников научных и консалтинговых фирм руководителей и специалистов предприятий.
521 Примеч. о цел. назн. __
a Примеч. о целев. назн. ВО - Бакалавриат
650 Тематические рубрики __
a Основная рубрика Экономика. Бухгалтерский учет. Финансы
x Основная подрубрика Экономика предприятия (фирмы)
655 Указ. предметных рубрик (устаревшее) __
a Жанр/ форма (устаревшее) Учебник
700 Другие авторы __
a Другие авторы Тумин В.М.
q Полное имя Тумин Валерий Максимович
u Дополнение Московский политехнический университет
700 Другие авторы __
a Другие авторы Тарабрин К.М.
q Полное имя Тарабрин Кирилл Михайлович
u Дополнение Волго-Донсельхозинвест
700 Другие авторы __
a Другие авторы Бубенок Е.А.
q Полное имя Бубенок Елена Александровна
u Дополнение Российская академия народного хозяйства и государственной службы при Президенте РФ
700 Другие авторы __
a Другие авторы Зенкина Е.В.
q Полное имя Зенкина Елена Вячеславовна
u Дополнение Российская академия народного хозяйства и государственной службы при Президенте РФ
700 Другие авторы __
a Другие авторы Ирадионов В.И.
q Полное имя Ирадионов Валерий Иванович
u Дополнение Тамбовский завод "Октябрь"
700 Другие авторы __
a Другие авторы Панова Е.С.
q Полное имя Панова Елена Сергеевна
u Дополнение Российская академия народного хозяйства и государственной службы при Президенте РФ
700 Другие авторы __
a Другие авторы Тарабрин М.Б.
q Полное имя Тарабрин Михаил Борисович
u Дополнение Ассоциация «Саморегулируемая организация арбитражных управляющих Центрального федерального округа»
700 Другие авторы __
a Другие авторы Тарабрин Ф.М.
q Полное имя Тарабрин Филипп Михайлович
u Дополнение АРСИЭНТЕК
700 Другие авторы __
a Другие авторы Бобрышев А.Д.
q Полное имя Бобрышев Артур Дмитриевич
u Дополнение Всероссийский научно-исследовательский институт "Центр"
700 Другие авторы __
a Другие авторы Тумин В.М.
q Полное имя Тумин Валерий Максимович
u Дополнение Московский политехнический университет
856 Электронный адрес документа 4_
a Имя сервера/домена znanium.ru
m Помощь ebs_support@infra-m.ru
n Местонахождение сервера НИЦ ИНФРА-М
u URL https://znanium.ru/catalog/document?id=476882
856 Электронный адрес документа 48
a Имя сервера/домена znanium.ru
d Путь /cover/2219
f Электронное имя 2219038.jpg
q Тип электронного формата image/jpeg
u URL https://znanium.ru/cover/2219/2219038.jpg
911 __
u 0030=https://znanium.ru/catalog/document?id=476882
911 __
u 712a=Тамбовский завод "Октябрь"
911 __
u 712a=АРСИЭНТЕК
911 __
u 712a=Волго-Донсельхозинвест
911 __
u 712a=Всероссийский научно-исследовательский институт "Центр"
911 __
u 712a=Московский политехнический университет
911 __
u 712a=Российская академия народного хозяйства и государственной службы при Президенте РФ